Music Quiz

Random Music or Lyrics Quiz

Elvis Costello Lyrics Quiz Stats

Quiz not verified by Sporcle

Challenge
Share
Tweet
Embed
Score 0/137 Timer 10:00
0 Plays Today
% Correct
a
94.7%
the
94.7%
the
94.7%
the
94.7%
and
94.7%
the
94.7%
and
94.7%
the
94.7%
the
94.7%
and
94.7%
and
94.7%
to
84.2%
girl
84.2%
my
84.2%
to
84.2%
you
84.2%
you
84.2%
to
84.2%
my
84.2%
you
84.2%
my
84.2%
my
84.2%
to
84.2%
you
84.2%
to
84.2%
my
84.2%
to
84.2%
you
84.2%
to
84.2%
you
84.2%
I'll
78.9%
in
78.9%
it
78.9%
your
78.9%
I'll
78.9%
day
78.9%
Still,
78.9%
in
78.9%
of
78.9%
love
78.9%
day
78.9%
Still,
78.9%
in
78.9%
your
78.9%
in
78.9%
Still
78.9%
% Correct
Still.
78.9%
will
73.7%
this
73.7%
will
73.7%
from
73.7%
every
73.7%
There
73.7%
are
73.7%
that
73.7%
they
73.7%
are
73.7%
up
68.4%
up
68.4%
we
68.4%
up
68.4%
we
68.4%
no
68.4%
I'm
68.4%
one
68.4%
say
68.4%
These
63.2%
until
63.2%
until
63.2%
words
63.2%
but
63.2%
now
63.2%
words
63.2%
but
63.2%
when
63.2%
you'll
63.2%
few
57.9%
lines
57.9%
coat.
57.9%
hold
57.9%
were
57.9%
made
57.9%
met.
57.9%
hear
57.9%
I
57.9%
was
57.9%
place,
57.9%
can't
57.9%
I
57.9%
want
57.9%
kiss
57.9%
things
57.9%
% Correct
make
57.9%
covered
52.6%
begin.
52.6%
lying
52.6%
shadows
52.6%
each
52.6%
very
52.6%
hush,
52.6%
hush'
52.6%
devote,
47.4%
Pull
47.4%
chin,
47.4%
new
47.4%
everything
47.4%
regret
47.4%
moving
47.4%
fast
47.4%
out
47.4%
lips.
47.4%
whisper
47.4%
blush,
47.4%
'Darling
47.4%
flame
42.1%
upon
42.1%
past,
42.1%
afraid
42.1%
unless
42.1%
'goodbye
42.1%
dear'
42.1%
set
42.1%
pulse
42.1%
race,
42.1%
may
42.1%
feeling
42.1%
rush
42.1%
marvellous
36.8%
cast,
36.8%
speak
36.8%
tumble
31.6%
eclipse
31.6%
press
31.6%
fingers
31.6%
carry
26.3%
sometimes
26.3%
mind
15.8%

You're not logged in!

Compare scores with friends on all Sporcle quizzes.
Sign Up with Email
OR
Log In

You Might Also Like...

Show Comments

Extras

Top Quizzes Today


Score Distribution

Your Account Isn't Verified!

In order to create a playlist on Sporcle, you need to verify the email address you used during registration. Go to your Sporcle Settings to finish the process.